Young migrant women in secondary education : promoting integration and mutual understanding through dialogue and exchange.

Αποθηκεύτηκε σε:
Λεπτομέρειες βιβλιογραφικής εγγραφής
Μορφή: Βιβλίο
Γλώσσα:English
Δημοσίευση: Nicosia : University of Nicosia Press, 2011.
Θέματα:
Ετικέτες: Προσθήκη ετικέτας
Δεν υπάρχουν, Καταχωρήστε ετικέτα πρώτοι!

MARC

LEADER 00000cam a2200000 a 4500
001 1/116587
008 180522s2011####cy |||||||||||||| ||eng||
020 |a 9789963634965 
040 |a GR-MyUa  |b gre  |c GR-MyUa  |e AACR2 
041 0 |a eng 
082 7 |a 370.94  |2 (23) 
245 0 0 |a Young migrant women in secondary education :   |b promoting integration and mutual understanding through dialogue and exchange.  
260 |a Nicosia :   |b University of Nicosia Press,   |c 2011.  
300 |a 186 σ. ;  |c 21 εκ.  
650 0 |a Women immigrants  |x Education. 
852 |a INST  |b LESVOS  |e 20180522  |h 370.94 YOU  |p 005100061083  |q 005100061083  |t BK  |y 0 
970 |a Καμάτσου  |b Δέσποινα  |z 22-05-2018